La gerencia en la sociedad futura (Registro nro. 5464)
[ vista simple ]
| 000 -Cabecera | |
|---|---|
| Campo de control de longitud fija | 01020ata a2200349 4500 |
| 005 - Fecha y hora de la última transacción | |
| Campo de control | 20250825132641.0 |
| 008 - Elementos de longitud fija--Información general | |
| Campo de control de longitud fija | 150513b xxu||||| |||| 00| 0 spa d |
| 041 ## - Idioma | |
| Código de idioma | Español |
| 082 ## - Clasificación Decimal Dewey | |
| Número de clasificación | 658.43 D794ge |
| 100 ## - Entrada principal--Autor personal | |
| Nombre personal | Drucker, Peter |
| 9 (RLIN) | 9228 |
| 245 ## - Título propiamente dicho | |
| Título | La gerencia en la sociedad futura |
| 260 ## - Pie de imprenta | |
| Lugar de publicación, distribución, etc. | Colombia |
| 260 ## - Pie de imprenta | |
| Nombre del editor, distribuidor, etc. | Norma |
| 260 ## - Pie de imprenta | |
| Fecha de publicación, distribución, etc. | 2002 |
| 300 ## - Descripción física | |
| Extensión | 290 páginas |
| 490 ## - Serie | |
| Título de la Serie | Dirección y Administración de Empresas |
| 505 ## - Nota de contenido | |
| Nota de contenido | PARTE I. LA SOCIEDAD DE LA INFORMACIÓN<br/>PARTE II. OPORTUNIDADES COMERCIALES<br/>PARTE III. LA CAMBIANTE ECONOMÍA MUNDIAL |
| 650 ## - Materia general | |
| Temática (materia general) | GERENCIA INTERMEDIA |
| 650 ## - Materia general | |
| Temática (materia general) | ADMINISTRACIÓN |
| 650 ## - Materia general | |
| Temática (materia general) | EMPRESAS |
| 650 ## - Materia general | |
| Temática (materia general) | REVOLUCIÓN INFORMÁTIVA |
| 650 ## - Materia general | |
| Temática (materia general) | INTERNET |
| 650 ## - Materia general | |
| Temática (materia general) | ALFABETIZACIÓN |
| 650 ## - Materia general | |
| Temática (materia general) | NUEVA ECONOMÍA |
| 650 ## - Materia general | |
| Temática (materia general) | COMERCIO ELECTRÓNICO |
| 650 ## - Materia general | |
| Temática (materia general) | EMPRESARIOS |
| 650 ## - Materia general | |
| Temática (materia general) | OPORTUNIDADES COMERCIALES |
| 650 ## - Materia general | |
| Temática (materia general) | SERVICOS FINANCIEROS |
| 650 ## - Materia general | |
| Temática (materia general) | ECONOMÍA GLOBAL |
| 650 ## - Materia general | |
| Temática (materia general) | ESTADO-NACIÓN |
| 942 ## - Punto de acceso adicional KOHA | |
| Tipo de ítem KOHA | Libro |
| Fuente del sistema de clasificación o colocación | Dewey Decimal Classification |
| Signatura completa | Código de barras | Programa Académico | Tipo de ítem |
|---|---|---|---|
| 658.43 D794ge | 9403 | Dirección y Administración de Empresas | Libro |